000 00735nam a2200241Ia 4500
003 OSt
005 20220926012320.0
006 a|||||r|||| 00| 0
007 ta
008 220923b |||||||| |||| 00| 0 eng d
020 _a9781316501801
037 _cGeneral Book
040 _aRTL
_cRTL
_beng
041 _2eng
_aeng
082 _aX7, P3;Q9
100 _aHILLMAN Arye L
_9249560
245 0 _aPublic finance and public policy
_b A political economy perspective on the responsibilities and limitations of government
250 _a3rd
260 _aNew York
_bCambridge University Press
_c2019
300 _axiii,642p
_ccm.
942 _hX7, P3;Q9
_cGB
_2CC
999 _c622490
_d622490